<?xml version="1.0" encoding="UTF-8"?><?xml-stylesheet type="text/xsl" href="static/style.xsl"?><OAI-PMH xmlns="http://www.openarchives.org/OAI/2.0/" xmlns:xsi="http://www.w3.org/2001/XMLSchema-instance" xsi:schemaLocation="http://www.openarchives.org/OAI/2.0/ http://www.openarchives.org/OAI/2.0/OAI-PMH.xsd"><responseDate>2026-06-29T01:27:28Z</responseDate><request verb="GetRecord" identifier="oai:docta.ucm.es:20.500.14352/136551" metadataPrefix="marc">https://docta.ucm.es/rest/oai/request</request><GetRecord><record><header><identifier>oai:docta.ucm.es:20.500.14352/136551</identifier><datestamp>2026-05-07T00:11:40Z</datestamp><setSpec>com_20.500.14352_14</setSpec><setSpec>col_20.500.14352_15</setSpec></header><metadata><record xmlns="http://www.loc.gov/MARC21/slim" xmlns:dcterms="http://purl.org/dc/terms/" xmlns:xsi="http://www.w3.org/2001/XMLSchema-instance" xmlns:doc="http://www.lyncode.com/xoai" xsi:schemaLocation="http://www.loc.gov/MARC21/slim http://www.loc.gov/standards/marcxml/schema/MARC21slim.xsd">
   <leader>00925njm 22002777a 4500</leader>
   <datafield ind2=" " ind1=" " tag="042">
      <subfield code="a">dc</subfield>
   </datafield>
   <datafield ind2=" " ind1=" " tag="720">
      <subfield code="a">Hamdy Mohamed Elshorbagy, Mahmoud</subfield>
      <subfield code="e">author</subfield>
   </datafield>
   <datafield ind2=" " ind1=" " tag="720">
      <subfield code="a">San Blas, Alejandro</subfield>
      <subfield code="e">author</subfield>
   </datafield>
   <datafield ind2=" " ind1=" " tag="720">
      <subfield code="a">Sánchez Brea, Luis Miguel</subfield>
      <subfield code="e">author</subfield>
   </datafield>
   <datafield ind2=" " ind1=" " tag="720">
      <subfield code="a">Olaizola, Santiago M.</subfield>
      <subfield code="e">author</subfield>
   </datafield>
   <datafield ind2=" " ind1=" " tag="720">
      <subfield code="a">Del Hoyo Muñoz, Jesús</subfield>
      <subfield code="e">author</subfield>
   </datafield>
   <datafield ind2=" " ind1=" " tag="720">
      <subfield code="a">Soria García, Ángela</subfield>
      <subfield code="e">author</subfield>
   </datafield>
   <datafield ind2=" " ind1=" " tag="720">
      <subfield code="a">Andres Porras, Joaquín</subfield>
      <subfield code="e">author</subfield>
   </datafield>
   <datafield ind2=" " ind1=" " tag="720">
      <subfield code="a">Pastor Villarrubia, Verónica</subfield>
      <subfield code="e">author</subfield>
   </datafield>
   <datafield ind2=" " ind1=" " tag="720">
      <subfield code="a">Alda Serrano, Javier</subfield>
      <subfield code="e">author</subfield>
   </datafield>
   <datafield ind2=" " ind1=" " tag="260">
      <subfield code="c">2024-10-22</subfield>
   </datafield>
   <datafield ind2=" " ind1=" " tag="520">
      <subfield code="a">The practical development of compact modern nanophotonic devices relies on the availability of fast and low-cost fabrication techniques applicable to a wide variety of materials and designs. We have engraved a split grating geometry on stainless steel using femtosecond laser processing. This structure serves as a template to fabricate efficient plasmonic sensors, where a thick gold layer is grown conformally on it. The scanning electron microscope (SEM) images confirm the generation of the split laser-induced periodic spatial structures. The optical reflectance of our sensors shows two dips corresponding to the excitation of surface plasmon resonances (SPRs) at two different wavelengths. Furthermore, the asymmetric shape of these spectral responses reveals a strong and narrow Fano resonance. Our computational electromagnetism models accurately reproduce the reflectivity of the fabricated structure. The spectral responses of both the simulated and fabricated structures are fitted to the Fano model that coherently combines the narrow SPRs with the broad continuum background caused by diffraction. The parameters extracted from the fitting, such as the resonance wavelengths and line widths, are used to evaluate the performance of our device as a refractometric sensor for liquids. The maximum sensitivity and figure of merit are 880 nm/RIU and 80 RIU−1, respectively. Besides the compact design of our sensing device, its performance exceeds the theoretical maximum sensitivity of a classical Kretschmann setup.</subfield>
   </datafield>
   <datafield ind1="8" ind2=" " tag="024">
      <subfield code="a">Elshorbagy, M.H., San-Blas, A., Sanchez-Brea, L.M., Olaizola, S.M., Del Hoyo, J., Soria-Garcia, A., Andres-Porras, J., Pastor-Villarrubia, V., Alda, J., 2025. Femto-Laser Processed Metasurface With Fano Response: Applications to a High Performance Refractometric Sensor. Photonic Sens 15, 250228. https://doi.org/10.1007/s13320-024-0736-y</subfield>
   </datafield>
   <datafield ind1="8" ind2=" " tag="024">
      <subfield code="a">1674-9251</subfield>
   </datafield>
   <datafield ind1="8" ind2=" " tag="024">
      <subfield code="a">10.1007/s13320-024-0736-y</subfield>
   </datafield>
   <datafield ind1="8" ind2=" " tag="024">
      <subfield code="a">https://hdl.handle.net/20.500.14352/136551</subfield>
   </datafield>
   <datafield ind1="8" ind2=" " tag="024">
      <subfield code="a">2190-7439</subfield>
   </datafield>
   <datafield ind1="8" ind2=" " tag="024">
      <subfield code="a">https://doi.org/10.1007/s13320-024-0736-y</subfield>
   </datafield>
   <datafield ind1="8" ind2=" " tag="024">
      <subfield code="a">https://link.springer.com/article/10.1007/s13320-024-0736-y</subfield>
   </datafield>
   <datafield ind2="0" ind1="0" tag="245">
      <subfield code="a">Femto-laser processed metasurface with fano response: applications to a high performance refractometric sensor</subfield>
   </datafield>
</record></metadata></record></GetRecord></OAI-PMH>